Responses for show #3098 - Wednesday, February 4, 1998

1998 Tournament of Champions quarterfinal game 3.

Contestants

Craig Barker, a College Tournament winner from Livonia, Michigan

Peter Scott, an advertising manager from Washington, D.C.

Dan Melia, a professor from San Francisco, California

Jeopardy! Round responses

WORLD CAPITALS
'60s NO. 1 HITS
19th CENTURY AMERICA
FILM NOIR LINGO
SEX CHANGES
BEFORE & AFTER
    $100 1
London

Craig
    $100 5
(Dan: What is "Sittin' By The Dock Of The Bay"?)

"Sittin' On The Dock Of The Bay"

DanPeter
    $100 11
Salem, Massachusetts

Peter
    $100 14
dame

Dan
    $100 21
hurricanes

Dan
    $100 26
Larry King Kong

Craig
    $200 2
(Dan: What is Prague?)

Budapest

DanCraig
    $200 6
The Rolling Stones

Craig
    $200 12
Mathew Brady

Craig
    $200 15
a chump

Craig
    $200 22
(Dan: What is the Citadel?)

VMI (Virginia Military Institute)

DanCraig
    $200 27
Eggs Benedict Arnold

Dan
    $300 3
Caracas (Venezuela)

Triple Stumper
    $300 7
"Hello, I Love You"

Craig
    $300 13
Sarah Bernhardt

Triple Stumper
    $300 16
dick

Craig
    $300 23
Christine Jorgensen

Dan
    $300 28
Babe Ruth Bader Ginsburg

Dan
    $400 4
(Dan: What is Ulan Bator?)

Beijing

Dan
Triple Stumper
    $600 8
(Alex: By The Association.)

"Cherish"

Craig
    $400 19
Ulysses S. Grant

Craig
    $400 17
joint

Dan
    $400 24
(Peter: What are mussels?)

oysters

PeterCraig
    $400 29
Gone With the Windshield

Peter
    $500 10
Algiers

Dan
    $500 9
"Help!"

Peter
    $500 20
"The Gilded Age"

Craig
    $500 18
Grifters

Craig
    $500 25
Renee Richards

Peter
    $500 30
(Alex: You're going to love this last one, players!)

Preparation H.L. Mencken

Dan

Scores at the first commercial break (after clue 14):

Dan Peter Craig
-$100 $700 $1,600

Scores at the end of the Jeopardy! Round:

Dan Peter Craig
$1,500 $1,200 $4,200

Double Jeopardy! Round responses

MORE MYTHOLOGICAL MISTAKES
CHAMBERS
PRO FOOTBALL
AUTHORS ON AUTHORS
DUELING
BANJOS
    $200 11
Centaurs

Dan
    $200 13
Alger Hiss

Dan
    $200 3
Memphis

Craig
    $200 6
Daniel Defoe

Dan
    $200 22
Paces

Dan
    $200 27
Ukulele

Dan
    $400 12
Prometheus

Craig
    $400 17
(C: What is the Kennedy Center?)

Lincoln Center

PeterCraig
    $400 4
(D: Who is Gale Sayers?)

Walter Payton

DanPeter
    $400 7
Elizabeth Barrett Browning

Dan
    $400 23
Hyde Park

Craig
    $1,200 28
Earl Scruggs

Dan
    $600 14
Hera

Dan
    $600 18
(Craig: What is the Blackbird?)
...
(Alex: "[*], whither shall I wander?")

Goosey Goosey Gander

Craig
Triple Stumper
    $1,100 1
(Alex: Here is a participant in one of our celebrity games to give you the clue...)
[Al read "J. Rice" as "Jerry Rice" and "S. Young" as Steve. Young".]

Joe Montana

Peter
    $600 8
T.S. Eliot

Dan
    $600 24
Seconds

Peter
    $600 29
"Grand Ole Opry"

Peter
    $800 15
Orpheus

Dan
    $800 19
Bubble Chamber

Dan
    $800 2
99

Craig
    $800 9
Edgar Allan Poe

Dan
    $800 21
Coup

Craig
    $800 26
Gourd

Dan
    $1000 16
(D: Who is Orpheus?)

Apollo

Dan
Triple Stumper
    $1000 20
Chambered Nautilus

Peter
    $1000 5
USFL (United States Football League)

Peter
    $1000 10
James Joyce

Dan
    $1000 25
(P: Who is Oglethorpe?)

Button Gwinnett

Peter
Triple Stumper
    $1000 30
Plectrum

Dan

Scores at the end of the Double Jeopardy! Round:

Dan Peter Craig
$9,100 $5,300 $5,800

Final Jeopardy! Round responses

WORLD LEADERS
PeterWho is Carter
$5,299
CraigWho was Pope John Paul II
$3,500
DanWho is Pope John Paul II ?
$1,000
President Jimmy Carter

Final scores:

Dan Peter Craig
$8,100 $10,599 $2,300
2nd place: $2,500 if eliminated Automatic semifinalist 3rd place: $2,500 if eliminated

Game dynamics:

Coryat scores:

Dan Peter Craig
$8,300 $4,800 $5,600
23 R
(including 1 DD),
6 W
12 R
(including 1 DD),
2 W
19 R
(including 1 DD),
2 W

Combined Coryat: $18,700

The J! Archive is created by fans, for fans. The Jeopardy! game show and all elements thereof, including but not limited to copyright and trademark thereto, are the property of Jeopardy Productions, Inc. and are protected under law. This website is not affiliated with, sponsored by, or operated by Jeopardy Productions, Inc. Join the discussion at JBoard.tv.